000 00515nam a2200193 a 4500
001 1770460529987
003 YourLibrary
005 20260207160834.0
008 260207s2003##################000#0#eng##
020 _a9781591470397
082 0 4 _a306.3801
_bSCH
100 1 _aSchlossberg, Nancy K.,
_eauthor.
245 1 0 _aRetire Smart, Retire Happy :
260 _bAPA Life Tools,
_c2003.
300 _a183 pages
650 0 _aBusiness & Economics.
942 _cENGLISH
040 _aYourLibrary
_beng
_cYourLibrary
999 _c611198
_d611198